| 000 | 00766nam a22002057a 4500 | ||
|---|---|---|---|
| 999 |
_c8756 _d8756 |
||
| 003 | AR-CdUCM | ||
| 008 | 190325b ||||| |||| 00| 0 spa d | ||
| 040 |
_aMUNICIPALIDAD PROVINCIAL DEL CUSCO _cBIBLIOTECA MUNICIPAL DEL CUSCO |
||
| 082 |
_a641.1 / _bF94 |
||
| 100 |
_aFortún, Julia Elena _924423 |
||
| 245 | _aReeducación alimentaria y ambiental para la producción / | ||
| 260 |
_aLa Paz : _bLa palabra, _c1935. |
||
| 300 |
_a193 páginas ; _c22 cm. |
||
| 505 | _aContendo : Reducción alimentaria -- Método simbiotico -- El valor de la quinua -- ¿Que comían los prehispánicos? -- Encuesta alimentaria estacional ... | ||
| 650 |
_aAlimento _921254 |
||
| 650 |
_aProducción _91785 |
||
| 650 |
_aMedio ambiente _97215 |
||
| 942 |
_2ddc _cLIBROS |
||
| 945 | _arah | ||